Piloti Vincitori dei Gran Premi di Formula 1 2017 - Statistics

Statistiche generali
  • Questo quiz è stato fatto 37 volte
  • Il punteggio medio è 20 su 20
Statistiche sulle risposte
Gran Premio Vincitore % Corretto
Gran Premio di Cina Lewis Hamilton
100%
Gran Premio di Spagna Lewis Hamilton
100%
Gran Premio del Canada Lewis Hamilton
100%
Gran Premio di Gran Bretagna Lewis Hamilton
100%
Gran Premio del Belgio Lewis Hamilton
100%
Gran Premio d'Italia Lewis Hamilton
100%
Gran Premio di Singapore Lewis Hamilton
100%
Gran Premio del Giappone Lewis Hamilton
100%
Gran Premio degli Stati Uniti Lewis Hamilton
100%
Gran Premio d'Australia Sebastian Vettel
100%
Gran Premio del Bahrein Sebastian Vettel
100%
Gran Premio di Monaco Sebastian Vettel
100%
Gran Premio d'Ungheria Sebastian Vettel
100%
Gran Premio del Brasile Sebastian Vettel
100%
Gran Premio di Russia Valtteri Bottas
97%
Gran Premio d'Austria Valtteri Bottas
97%
Gran Premio di Abu Dhabi Valtteri Bottas
97%
Gran Premio della Malesia Max Verstappen
94%
Gran Premio del Messico Max Verstappen
94%
Gran Premio d'Azerbaigian Daniel Ricciardo
91%
Nessun quiz corrispondente trovato
Distribuzione punteggi
Percentuale di utenti per punteggio
Percentile per numero di risposta
I tuoi punteggi nel tempo
Non hai fatto questo quiz